000 01115nas a2200373 4500
001 BR0305777
003 BR-BrBNA
005 20231205104201.0
007 ta
008 230509b bl.|||p| |||| 00| 00por d
040 _aBR-BrBNA
_bpor
_cBiblioteca Nacional de Agricultura
041 _a(Pt)
072 _aL73; L70
100 1 _aPinto, F.F.
100 1 _aCosta, A.T.R.
100 1 _aLobato, F.C.F.
100 1 _aDias, L.D.
100 1 _aAssis, R.A. de
100 1 _aMartins, N.E.
100 1 _aCarvalho, A.V.A. de
245 1 _aSensibilidade antimicrobiana de amostras de Streptococcus suis isolados de suínos com suspeita clínica de meningoencefalite
650 _aSUÍNO
650 _aBACTÉRIA
650 _aMENINGITE
650 _aENCEFALITE
650 _aANTIBIÓTICO
650 _aSUÍNOCULTURA
650 _aDOENÇA ANIMAL
650 _aINFECÇÃO
650 _aMEDICAMENTO
773 0 _tRevista Brasileira de Medicina Veterinária (Brazil)
_xISSN 0100-2430
_g(Jan-Feb 2003), v. 25(1) p. 25-27
_wBR0305777
909 _a202311
_bLúcia
_c55
_dLúcia Elande
942 _2AGRIS
_n0
_cANA
999 _c176806
_d176806